| 000 | 00557nam a22001937a 4500 | ||
|---|---|---|---|
| 003 | KOHA_MİRAKIL | ||
| 005 | 20251221143908.0 | ||
| 008 | 251221b tu ||||| |||| 00| 0 tur d | ||
| 020 | _a9789944885560 | ||
| 040 |
_aTR-AnABB _btur _cTR-AnABB |
||
| 041 | _atur | ||
| 082 |
_a658.4 _bRIC 2009 |
||
| 100 | 1 | _aRichard, Luecke, | |
| 245 | 1 | 0 |
_aProje yönetimi / _cRichard Luecke |
| 260 |
_aİstanbul : _bTürkiye İş Bankası Yayınları, _c2009 |
||
| 300 |
_a192 sayfa ; _c23 cm |
||
| 650 | 0 | 4 | _aYönetim ve Yardımcı Hizmetler |
| 942 |
_2ddc _cBK |
||
| 999 |
_c9849 _d9849 |
||
| 900 | _bGizem YORULMAZ | ||